Ulma-i-Hind Ka Shandar M (Record no. 276017)

000 -LEADER
fixed length control field 00221 a2200097 4500
001 - CONTROL NUMBER
control field 40944
090 ## - LOCALLY ASSIGNED LC-TYPE CALL NUMBER (OCLC); LOCAL CALL NUMBER (RLIN)
-- 25187
-- 25187
100 ## - MAIN ENTRY--PERSONAL NAME
Personal name Syed M Mian
245 ## - TITLE STATEMENT
Title Ulma-i-Hind Ka Shandar M
260 ## - PUBLICATION, DISTRIBUTION, ETC.
Place of publication, distribution, etc. Karachi
Name of publisher, distributor, etc. Maqtaba Rashidia
Date of publication, distribution, etc.
942 ## - ADDED ENTRY ELEMENTS (KOHA)
Institution code [OBSOLETE] NUST-CAE
Koha item type
--
Holdings
Withdrawn status Lost status Damaged status Not for loan Collection code Permanent Location Current Location Date acquired Total Checkouts Barcode Date last seen Price effective from Koha item type
          College of Aeronautical Engineering (CAE) College of Aeronautical Engineering (CAE) 04/03/2017   CAE60118 04/05/2017 04/05/2017 Book
          College of Aeronautical Engineering (CAE) College of Aeronautical Engineering (CAE) 04/03/2017   CAE60120 04/05/2017 04/05/2017 Book
          College of Aeronautical Engineering (CAE) College of Aeronautical Engineering (CAE) 04/03/2017   CAE60119 04/05/2017 04/05/2017 Book
© 2023 Central Library, National University of Sciences and Technology. All Rights Reserved.